MARC details
| 000 -CABECERA |
| campo de control de longitud fija |
01880nam a2200301 4500 |
| 003 - IDENTIFICADOR DEL NÚMERO DE CONTROL |
| campo de control |
EC-UNACH |
| 005 - FECHA Y HORA DE LA ÚLTIMA TRANSACCIÓN |
| campo de control |
20251020111641.0 |
| 006 - CÓDIGOS DE INFORMACIÓN DE LONGITUD FIJA--CARACTERÍSTICAS DEL MATERIAL ADICIONAL |
| campo de control de longitud fija |
s||||gr|||| 00| 00 |
| 008 - DATOS DE LONGITUD FIJA--INFORMACIÓN GENERAL |
| campo de control de longitud fija |
150116t9999 mx r gr 000 0 spa d |
| 020 ## - NÚMERO INTERNACIONAL ESTÁNDAR DEL LIBRO |
| Número Internacional Estándar del Libro |
0-397-54396-4 |
| 040 ## - FUENTE DE LA CATALOGACIÓN |
| Centro catalogador/agencia de origen |
EC-UNACH |
| Centro/agencia transcriptor |
EC-UNACH |
| 041 ## - CÓDIGO DE LENGUA |
| Código de lengua del texto/banda sonora o título independiente |
spa |
| 082 04 - NÚMERO DE LA CLASIFICACIÓN DECIMAL DEWEY |
| Número de edición |
23 |
| Número de clasificación |
610.73 |
| Número de documento/Ítem |
L001367 |
| 110 ## - ENTRADA PRINCIPAL--NOMBRE DE ENTIDAD CORPORATIVA |
| Nombre de entidad corporativa o nombre de jurisdicción como elemento de entrada |
J.B,Lippincott company |
| 245 ## - MENCIÓN DE TÍTULO |
| Título |
Bases conceptuales de la enfermería profesional |
| 250 ## - MENCIÓN DE EDICIÓN |
| Mención de edición |
Primera edición |
| 264 ## - Producción, publicación, distribución, fabricación y copyright |
| Lugar de producción, publicación, distribución, fabricación |
Mexico |
| Nombre del de productor, editor, distribuidor, fabricante |
J.B,Lippincott company |
| Fecha de de producción, publicación, distribución, fabricación o copyright |
1989 |
| 300 ## - DESCRIPCIÓN FÍSICA |
| Extensión |
395 |
| 505 ## - NOTA DE CONTENIDO CON FORMATO |
| Nota de contenido con formato |
Capitulo 1- Dinámica del desarrollo de la enfermería profesional Capitulo 2-Perspectivas filosóficas en la educación y las practicas de la enfermería Capitulo 3- Socialización para el ejercicio profesional Capítulo 4 - Creación del auto concepto profesional Capitulo 5- Pensamiento científico y elaboración de la teoría Capitulo 6- El proceso de la investigación Capítulo 7- La teoria como base de la practica Capítulo 8- Modelos de enfermería Capitulo 9 Proceso de la salud Capitulo 10- La enfermería profesional en el marco del sistema de servicios de salud Capitulo 11- Responsabilidad ante el publico , la profesión el patrón y el yo Capitulo 12- El proceso de enfermería Capitulo 13- Relaciones de la comunicación y ayuda Capitulo 14- Liderazgo Capitulo 15- La emfermera profesional como agente del cambio Capitulo 16- El papel del defensor de los usuarios Capitulo 17- El promotor del papel de la profesión Capítulo 18- perspectivas futuras . |
| 650 ## - PUNTO DE ACCESO ADICIONAL DE MATERIA--TÉRMINO DE MATERIA |
| Término de materia o nombre geográfico como elemento inicial |
Bases de la enfermería profesional |
| 650 ## - PUNTO DE ACCESO ADICIONAL DE MATERIA--TÉRMINO DE MATERIA |
| Término de materia o nombre geográfico como elemento inicial |
Desarrollo de la enfermería |
| 650 ## - PUNTO DE ACCESO ADICIONAL DE MATERIA--TÉRMINO DE MATERIA |
| Término de materia o nombre geográfico como elemento inicial |
Creación de programas de educación en enfermería en hospitales |
| 700 ## - PUNTO DE ACCESO ADICIONAL--NOMBRE DE PERSONA |
| Nombre de persona |
Susan Leddy J Mae Pepper |
| 942 ## - ELEMENTOS DE PUNTO DE ACCESO ADICIONAL (KOHA) |
| Fuente del sistema de clasificación o colocación |
Clasificación Decimal Dewey |
| Tipo de ítem Koha |
Libros |
| 999 ## - NÚMEROS DE CONTROL DE SISTEMA (KOHA) |
| Koha biblionumber |
14036 |